Lễ hiến tế trâu của người Chăm Ninh Thuận

Giới thiệu về qui trình hành lễ, diễn trình, lễ vật, địa điểm cúng lễ... trong lễ hiến tế trâu của người Chăm ở Ninh Thuận.

Salvato in:
Dettagli Bibliografici
Autore principale: Hải Liên
Natura: Libro
Lingua:Undetermined
Pubblicazione: Hà Nội Văn hoá Thông tin 2013
Soggetti:
Tags: Aggiungi Tag
Nessun Tag, puoi essere il primo ad aggiungerne! !
Thư viện lưu trữ: Trung tâm Học liệu Trường Đại học Cần Thơ
LEADER 00772nam a2200193Ia 4500
001 CTU_189162
008 210402s9999 xx 000 0 und d
082 |a 394.269597 
082 |b H103 
100 |a Hải Liên 
245 0 |a Lễ hiến tế trâu của người Chăm Ninh Thuận 
245 0 |c Hải Liên 
260 |a Hà Nội 
260 |b Văn hoá Thông tin 
260 |c 2013 
520 |a Giới thiệu về qui trình hành lễ, diễn trình, lễ vật, địa điểm cúng lễ... trong lễ hiến tế trâu của người Chăm ở Ninh Thuận. 
650 |a Manners and customs,Phong tục tập quán 
904 |i Giang 
980 |a Trung tâm Học liệu Trường Đại học Cần Thơ